000 00352nam a2200169Ia 4500
100 _aMukherjee/Sampat
650 _aGeneral
250 _a3
942 _cBK
654 _aModern economic
245 _aModern Economic Theory
260 _bWishwa Prakashan
_c1990
082 _a338.9
_bMUK
300 _a961
546 _aENGLISH
999 _c31192
_d31192